[Event "Chigorin Memorial"]
[Site "St Petersburg RUS"]
[Date "2012.10.27"]
[Round "1.121"]
[White "Krivenko, Sergey"]
[Black "Kantyshev, Nikita"]
[Result "1-0"]
[WhiteElo "2341"]
[BlackElo "1898"]
[WhiteFideId "24124753"]
[BlackFideId "4186737"]
[EventDate "2012.10.27"]

1. d4 d5 2. c4 e6 3. Nc3 Be7 4. cxd5 exd5 5. Bf4 Nf6 6. e3 O-O 7. Bd3 c5 8. Nge2
cxd4 9. Nxd4 Nc6 10. O-O Nxd4 11. exd4 h6 12. Qb3 Bd6 13. Be5 Ng4 14. Rae1 Bxe5
15. dxe5 d4 16. Nb5 a6 17. Nd6 Nxe5 18. Nxc8 Nf3+ 19. gxf3 Rxc8 20. Qxb7 Rc5 21.
Qe7 Qa5 22. Re4 Rd5 23. Rg4 Rfd8 24. Re1 Rf8 25. Re2 h5 26. Qe4 f5 27. Qe6+ Kh8
28. Rg5 1-0

[Event "Chigorin Memorial"]
[Site "St Petersburg RUS"]
[Date "2012.10.27"]
[Round "1.123"]
[White "Belousov, Danila"]
[Black "Shagdurov, Denis"]
[Result "1-0"]
[WhiteTitle "FM"]
[WhiteElo "2340"]
[BlackElo "1890"]
[WhiteFideId "4167350"]
[BlackFideId "24136735"]
[EventDate "2012.10.27"]

1. e4 c6 2. d4 d5 3. e5 c5 4. c4 Nc6 5. Nf3 e6 6. Nc3 cxd4 7. Nxd4 Qc7 8. cxd5
Qxe5+ 9. Be3 exd5 10. Bb5 Bd7 11. O-O Nf6 12. Re1 Be7 13. Qd2 Qd6 14. Bf4 Qc5
15. Bxc6 bxc6 16. Na4 Qc4 17. b3 Qa6 18. Nc5 Qb6 19. Bd6 Be6 20. Bxe7 Kxe7 21.
Rac1 Rac8 22. Qg5 Rhg8 23. Nf5+ Kf8 24. Rxe6 1-0

[Event "Chigorin Memorial"]
[Site "St Petersburg RUS"]
[Date "2012.10.27"]
[Round "1.124"]
[White "Kamnev, Alexander"]
[Black "Sichinava, Zviad"]
[Result "1-0"]
[WhiteElo "1885"]
[BlackElo "2339"]
[WhiteFideId "24176753"]
[BlackFideId "24111716"]
[EventDate "2012.10.27"]

1. e4 e6 2. d4 d5 3. Nc3 Bb4 4. e5 c5 5. a3 Ba5 6. b4 cxd4 7. Qg4 Ne7 8. bxa5
dxc3 9. Qxg7 Rg8 10. Qxh7 Nbc6 11. Nf3 Qc7 12. Bf4 Bd7 13. a6 b6 14. Bg3 O-O-O
15. Bd3 Rh8 16. Qg7 Rdg8 17. Qf6 d4 18. Qf4 Nf5 19. Bxf5 exf5 20. e6 1-0

[Event "Chigorin Memorial"]
[Site "St Petersburg RUS"]
[Date "2012.10.27"]
[Round "1.125"]
[White "Tologontegin, Semetey"]
[Black "Chistiakov, Mihail"]
[Result "1-0"]
[WhiteTitle "FM"]
[WhiteElo "2338"]
[BlackElo "1884"]
[WhiteFideId "13800574"]
[BlackFideId "24161217"]
[EventDate "2012.10.27"]

1. e4 c5 2. Na3 Nc6 3. Bb5 d6 4. Bxc6+ bxc6 5. f4 g6 6. Nf3 Bg7 7. O-O Nf6 8. d3
Nd7 9. c3 O-O 10. Nc4 Ba6 11. Ne3 Qb6 12. Kh1 Qb5 13. c4 Qb6 14. Rb1 Rab8 15.
Qe1 e5 16. f5 Nf6 17. g4 Rfe8 18. Qh4 Qd8 19. b3 Bb7 20. Ng2 d5 21. Bg5 h6 22.
Bxf6 Qxf6 23. g5 Qd8 24. f6 Bh8 25. Qxh6 dxe4 26. Nfh4 1-0

[Event "Chigorin Memorial"]
[Site "St Petersburg RUS"]
[Date "2012.10.27"]
[Round "1.127"]
[White "Usmanov, Vasily"]
[Black "Aleksandrov, Grigoriy"]
[Result "1-0"]
[WhiteElo "2336"]
[BlackElo "1871"]
[WhiteFideId "4135741"]
[BlackFideId "24199656"]
[EventDate "2012.10.27"]

1. c4 e5 2. Nc3 Nf6 3. g3 d6 4. Bg2 c6 5. Nf3 Be7 6. O-O O-O 7. d4 e4 8. Ne1 d5
9. Nc2 Be6 10. b4 Nbd7 11. b5 Rc8 12. Rb1 Nb6 13. c5 Nc4 14. Na3 Qa5 15. Nxc4
Qxc3 16. Ne3 Qa5 17. Bd2 Qxa2 18. Bc3 Ng4 19. Nc2 Qa4 20. h3 Nf6 21. Qd2 Bxc5
22. dxc5 cxb5 23. Ra1 Qc4 24. Ne3 Qxc5 25. Bb4 Qb6 26. Bxf8 Rxf8 27. Nc2 a6 28.
Nd4 Nd7 29. Rfc1 Ne5 30. e3 Nc4 31. Qb4 Rd8 32. h4 g6 33. h5 Qd6 34. Qxd6 Rxd6
35. h6 Kf8 36. Bf1 Ke7 37. Bxc4 dxc4 38. Kf1 Bd5 39. Nc2 c3 40. Nb4 Bc4+ 41. Kg1
g5 42. Rxc3 Rxh6 43. Nc2 Rd6 44. Nd4 Rxd4 45. exd4 Kd6 46. Rxc4 bxc4 47. Kf1 Kd5
48. Ke2 Kxd4 49. Kd2 f5 50. Ra5 f4 51. Rxg5 e3+ 52. fxe3+ fxe3+ 53. Kc2 b5 54.
Rg4+ Kd5 55. Rh4 b4 56. Rxh7 b3+ 57. Kc3 Ke4 58. Re7+ Kf3 59. g4 a5 60. g5 a4
61. Kb2 Ke2 62. g6 1-0

[Event "Chigorin Memorial"]
[Site "St Petersburg RUS"]
[Date "2012.10.27"]
[Round "1.128"]
[White "Kuvyrshin, Maksim"]
[Black "Pasiev, Rakhim"]
[Result "0-1"]
[BlackTitle "FM"]
[WhiteElo "1865"]
[BlackElo "2334"]
[WhiteFideId "24177563"]
[BlackFideId "24122475"]
[EventDate "2012.10.27"]

1. e4 e5 2. Nf3 Nc6 3. Bb5 a6 4. Ba4 Nf6 5. O-O b5 6. Bb3 Be7 7. Re1 O-O 8. c3
d5 9. exd5 Nxd5 10. Nxe5 Nxe5 11. Rxe5 Nf6 12. d4 Bd6 13. Re1 Re8 14. Nd2 Rxe1+
15. Qxe1 Bb7 16. f3 Qd7 17. Ne4 Nxe4 18. fxe4 Qg4 19. Qf2 Bxe4 20. h3 Qg6 21.
Be3 Re8 22. Rf1 Re7 23. Bg5 Qxg5 24. Bxf7+ Kh8 25. Bg6 hxg6 0-1

[Event "Chigorin Memorial"]
[Site "St Petersburg RUS"]
[Date "2012.10.27"]
[Round "1.129"]
[White "Timofeeva, Ekaterina"]
[Black "Nikiforov, Vyacheslav"]
[Result "1-0"]
[WhiteTitle "WIM"]
[WhiteElo "2331"]
[BlackElo "1863"]
[WhiteFideId "4193172"]
[BlackFideId "4119401"]
[EventDate "2012.10.27"]

1. Nf3 c5 2. c4 Nc6 3. Nc3 g6 4. e3 Bg7 5. d4 cxd4 6. exd4 d6 7. Be2 Nf6 8. d5
Ne5 9. Nxe5 dxe5 10. O-O O-O 11. b3 b6 12. Bb2 e6 13. Bf3 exd5 14. Nxd5 Nxd5 15.
Bxd5 Rb8 16. Ba3 Re8 17. Bc6 e4 18. Bxe8 Qxe8 19. Rc1 Bh6 20. Rc2 Bf5 21. g4 Bd7
22. Bb2 Qe6 23. h3 Bg5 24. Qd4 f6 25. Rd1 Rb7 26. Re2 e3 27. f4 Bh4 28. Rxe3 Qf7
29. Qd5 Rc7 30. Re7 1-0

[Event "Chigorin Memorial"]
[Site "St Petersburg RUS"]
[Date "2012.10.27"]
[Round "1.130"]
[White "Klevets, Ksenia"]
[Black "Duzhakov, Ilya"]
[Result "0-1"]
[BlackTitle "FM"]
[WhiteElo "1861"]
[BlackElo "2330"]
[WhiteFideId "24157937"]
[BlackFideId "4192516"]
[EventDate "2012.10.27"]

1. e4 e6 2. d4 d5 3. e5 c5 4. c3 Qb6 5. Nf3 Nc6 6. a3 Nh6 7. b4 cxd4 8. cxd4 Nf5
9. Be3 f6 10. exf6 gxf6 11. Bd3 Nxe3 12. fxe3 Bh6 13. Qe2 Bd7 14. O-O Ne7 15.
Ne5 fxe5 16. Qh5+ Kd8 17. Qxh6 e4 18. Be2 Rc8 19. Bh5 Nf5 20. Qg5+ Kc7 21. g4
Rcg8 22. Qf4+ Qd6 23. Rc1+ Kb8 24. Qxd6+ Nxd6 25. Nd2 Be8 26. Kh1 Bxh5 27. gxh5
Nf5 28. Rc3 Rc8 29. Rb3 Rc2 30. Rd1 Rg8 0-1

[Event "Chigorin Memorial"]
[Site "St Petersburg RUS"]
[Date "2012.10.27"]
[Round "1.132"]
[White "Ustich, Ekaterina"]
[Black "Vuilleumier, Alexandre"]
[Result "0-1"]
[BlackTitle "IM"]
[WhiteElo "1857"]
[BlackElo "2326"]
[WhiteFideId "24179221"]
[BlackFideId "1305662"]
[EventDate "2012.10.27"]

1. e4 c5 2. Nf3 d6 3. d4 cxd4 4. Nxd4 Nf6 5. f3 e5 6. Bb5+ Bd7 7. Bxd7+ Qxd7 8.
Nf5 g6 9. Ne3 Bh6 10. Nc3 O-O 11. Ned5 Bg7 12. Nxf6+ Bxf6 13. Be3 Bh4+ 14. g3
Bd8 15. O-O Na6 16. Qd2 Ba5 17. a3 Rfc8 18. b4 Nxb4 19. axb4 Bxb4 20. Rxa7 Rxa7
21. Bxa7 Rxc3 22. Be3 Qc6 23. Bh6 Qc5+ 0-1

[Event "Chigorin Memorial"]
[Site "St Petersburg RUS"]
[Date "2012.10.27"]
[Round "1.134"]
[White "Mikhaylov, Dimitri"]
[Black "Monin, Nikolay"]
[Result "0-1"]
[BlackTitle "IM"]
[WhiteElo "1854"]
[BlackElo "2325"]
[WhiteFideId "13901273"]
[BlackFideId "4104013"]
[EventDate "2012.10.27"]

1. b4 d5 2. Bb2 Bf5 3. e3 e6 4. Nf3 Nf6 5. c4 Nbd7 6. c5 Be7 7. Nd4 O-O 8. Nxf5
exf5 9. Qf3 g6 10. h4 h5 11. Nc3 c6 12. Ne2 a5 13. Nd4 axb4 14. Nxf5 gxf5 15.
Qxf5 Ne4 16. Bd3 Bf6 17. f3 Bxb2 18. Rh3 Bg7 19. fxe4 Qf6 20. Qxh5 Qxa1+ 21. Ke2
Qe5 22. Qg4 Nf6 23. Qf3 dxe4 0-1

[Event "Chigorin Memorial"]
[Site "St Petersburg RUS"]
[Date "2012.10.27"]
[Round "1.135"]
[White "Buchenau, Frank"]
[Black "Belkina, Yulia"]
[Result "1-0"]
[WhiteTitle "FM"]
[WhiteElo "2324"]
[BlackElo "1850"]
[WhiteFideId "4604350"]
[BlackFideId "4116542"]
[EventDate "2012.10.27"]

1. e4 c5 2. d3 d6 3. f4 g6 4. Nf3 Bg7 5. Be2 Nf6 6. O-O O-O 7. c3 Nc6 8. Kh1 b5
9. a3 Rb8 10. Be3 a5 11. Nbd2 b4 12. d4 cxd4 13. cxd4 Qb6 14. Nc4 Qc7 15. d5
bxa3 16. Rxa3 Nb4 17. Nfd2 Ba6 18. Qb1 Nfxd5 19. exd5 Nxd5 20. Qe4 Nxe3 21. Qxe3
d5 22. Ne5 Bxe2 23. Qxe2 Rxb2 24. Qd3 Bxe5 25. fxe5 Qxe5 26. Rxa5 e6 27. Ra7 Qg5
28. Rf2 f5 29. Nf3 Qc1+ 30. Rf1 Qc4 31. Qxc4 dxc4 32. Rc7 Re8 33. Re1 e5 34. Ng5
h5 35. h3 c3 36. Rxc3 Re7 37. Rc6 e4 38. Rxg6+ Rg7 39. Rxg7+ Kxg7 40. Rf1 Kg6
41. h4 e3 42. Ne6 Rb4 43. g3 Kf6 44. Nf4 Rd4 45. Kg2 Ke5 46. Kf3 Re4 47. Rd1 Ra4
48. Rd5+ Kf6 49. Rd6+ 1-0

[Event "Chigorin Memorial"]
[Site "St Petersburg RUS"]
[Date "2012.10.27"]
[Round "1.136"]
[White "Bezulenko, Evgeny"]
[Black "Leontiev, Aleksandr V."]
[Result "0-1"]
[BlackTitle "IM"]
[WhiteElo "1850"]
[BlackElo "2321"]
[WhiteFideId "24105996"]
[BlackFideId "4122968"]
[EventDate "2012.10.27"]

1. f4 e5 2. e3 exf4 3. exf4 d5 4. Nf3 Bd6 5. d4 Nf6 6. Bd3 O-O 7. O-O c5 8. c3
Nc6 9. Ne5 Qb6 10. Kh1 cxd4 11. cxd4 Nxd4 12. Be3 Bc5 13. Nc3 Ne6 14. Na4 Qd6
15. Nxc5 Nxc5 16. Rc1 Nxd3 17. Qxd3 Ne4 18. Rc4 dxc4 19. Qxe4 Be6 20. f5 Bd5 21.
Qd4 Rfe8 22. Ng4 Bxg2+ 23. Kxg2 Qxd4 24. Bxd4 Re4 25. Nf6+ gxf6 26. Bxf6 Rae8
27. Kf3 Re1 28. Rf2 R8e3+ 29. Kf4 R1e2 30. Rf1 Re4+ 31. Kf3 R2e3+ 32. Kg2 Re1
33. Rf3 R4e2+ 34. Kh3 Re3 35. Rg3+ Rxg3+ 36. hxg3 Re4 37. g4 h5 38. gxh5 Rf4 39.
Bc3 Rxf5 40. Kg4 Rf1 41. Kg5 Kh7 42. a3 b5 43. Bb4 f6+ 44. Kg4 Rf2 45. Bc3 Kh6
46. Bd4 f5+ 47. Kg3 Re2 48. Kf3 Re7 49. Bc5 Rc7 50. Be3+ Kxh5 51. Kf4 Kg6 52.
Bd4 Re7 53. Bh8 Re4+ 54. Kf3 Kf7 55. Bc3 Ke6 56. Bh8 Rh4 57. Bg7 a5 58. Ke3 Kd5
59. Bf6 Re4+ 60. Kf3 b4 61. axb4 axb4 62. Bg7 Kc5 63. Bf6 Kb5 64. Bg7 Ka4 65.
Bf6 Kb3 66. Bg7 c3 67. bxc3 bxc3 0-1

[Event "Chigorin Memorial"]
[Site "St Petersburg RUS"]
[Date "2012.10.27"]
[Round "1.137"]
[White "Bazeev, German"]
[Black "Dzhavathanov, Magomed"]
[Result "1-0"]
[WhiteElo "2319"]
[BlackElo "1848"]
[WhiteFideId "24119350"]
[BlackFideId "24106020"]
[EventDate "2012.10.27"]

1. d4 Nf6 2. c4 g6 3. Nc3 Bg7 4. e4 O-O 5. f4 c5 6. d5 d6 7. Nf3 Na6 8. Be2 Nc7
9. O-O a6 10. a4 b6 11. h3 Rb8 12. Be3 Nh5 13. Kh2 e5 14. fxe5 dxe5 15. g3 Qd6
16. Ne1 Nf6 17. Nd3 a5 18. Qd2 Nfe8 19. Rf2 Qd7 20. g4 Nd6 21. b3 Nce8 22. Raf1
f6 23. Rg2 Qe7 24. Nf2 Nf7 25. Nh1 Ned6 26. Ng3 Bd7 27. Bd3 Rbe8 28. Bc2 Bc8 29.
Nb5 Nxb5 30. axb5 Nd6 31. Bd3 Rf7 32. Be2 Ref8 33. h4 Qd8 34. Kg1 Bd7 35. Bh6
Qc8 36. Bxg7 Kxg7 37. Qd1 Qd8 38. Qe1 Kh8 39. h5 Qc8 40. Qc1 Kg7 41. hxg6 hxg6
42. Rh2 Kg8 43. Kg2 Rg7 44. Rfh1 Kf7 45. g5 f5 46. exf5 Bxf5 47. Qe3 Qe8 48. Rh4
Qe7 49. Bf3 Ke8 50. Re1 Nf7 51. Ne4 Bxe4 52. Rxe4 Kd8 53. Rg4 Qd6 54. Be4 Rh8
55. Rf1 Qd7 56. Rg3 Nd6 57. Kg1 Kc7 58. Bg2 Qe7 59. Rf6 Nf5 60. Qf2 Qd8 61. d6+
Nxd6 62. Rd3 Rd7 63. Bc6 Ne4 64. Rxd7+ Qxd7 65. Rf7 Nxf2 66. Rxd7+ Kc8 67. Kxf2
Rh2+ 68. Ke3 Rb2 69. Ke4 Rxb3 70. Kxe5 Rc3 71. Kd6 Rd3+ 72. Bd5 1-0

[Event "Chigorin Memorial"]
[Site "St Petersburg RUS"]
[Date "2012.10.27"]
[Round "1.138"]
[White "Khatenever, Feliks"]
[Black "Dolzhykova, Kateryna"]
[Result "0-1"]
[BlackTitle "WIM"]
[WhiteElo "1843"]
[BlackElo "2313"]
[WhiteFideId "4131800"]
[BlackFideId "14113414"]
[EventDate "2012.10.27"]

1. d4 Nf6 2. e3 d5 3. Nf3 Bg4 4. b3 e6 5. Bd3 Bd6 6. Bb2 Nbd7 7. O-O O-O 8. Nbd2
e5 9. dxe5 Nxe5 10. Be2 Nxf3+ 11. Nxf3 c6 12. Nd4 Bd7 13. g3 Qe7 14. Bf3 Be5 15.
c3 c5 16. Ne2 Rfd8 17. Nf4 Bc6 18. Qc2 Rac8 19. Bg2 d4 20. Rfe1 Bxg2 21. Kxg2
Qd6 22. Rad1 Bxf4 23. exf4 d3 24. Qd2 c4 25. f3 b5 26. Re5 Qc6 27. h3 a5 28.
bxc4 Qxc4 29. Ba1 h6 30. g4 Nd5 31. Re4 Qc5 32. Rde1 Nxc3 33. Re5 Nd5 34. Kg3
Qc2 35. Rd1 f6 36. Ree1 Nc3 37. Bxc3 Qxc3 38. Qe3 d2 39. Qe6+ Kh8 40. Re2 Rd3
41. Rf2 Rcd8 42. g5 hxg5 43. fxg5 fxg5 44. Qf5 R3d5 45. Qe4 b4 46. Kg2 a4 47.
Rff1 Re5 48. Qg4 Re2+ 49. Kg1 Qd4+ 50. Qxd4 Rxd4 51. Rf2 Re1+ 52. Rf1 Rxd1 53.
Rxd1 b3 54. axb3 axb3 55. Kf2 Kh7 56. Ke2 Kh6 57. Rb1 d1=Q+ 58. Rxd1 Rxd1 59.
Kxd1 Kh5 0-1

[Event "Chigorin Memorial"]
[Site "St Petersburg RUS"]
[Date "2012.10.27"]
[Round "1.139"]
[White "Cherednichenko, Svetlana"]
[Black "Glazov, Anatoly"]
[Result "1-0"]
[WhiteTitle "WGM"]
[WhiteElo "2311"]
[BlackElo "1835"]
[WhiteFideId "14105551"]
[BlackFideId "4192281"]
[EventDate "2012.10.27"]

1. d4 Nf6 2. Nf3 d5 3. e3 Bg4 4. c4 e6 5. Qb3 b6 6. Ne5 Bd6 7. Nc3 c6 8. Bd2 Bh5
9. cxd5 exd5 10. f4 O-O 11. Bd3 Nfd7 12. O-O f6 13. Nxc6 Qc7 14. Nxd5 1-0

[Event "Chigorin Memorial"]
[Site "St Petersburg RUS"]
[Date "2012.10.27"]
[Round "1.140"]
[White "Faizutdinova, Diana"]
[Black "Gubernatorov, Sergey"]
[Result "0-1"]
[BlackTitle "FM"]
[WhiteElo "1834"]
[BlackElo "2311"]
[WhiteFideId "24143731"]
[BlackFideId "4148215"]
[EventDate "2012.10.27"]

1. d4 Nf6 2. c3 g6 3. Bg5 Bg7 4. Qc1 h6 5. Bh4 O-O 6. e3 b6 7. Bd3 Bb7 8. f3 c5
9. Ne2 d6 10. O-O e5 11. Nd2 exd4 12. exd4 Nc6 13. Ne4 g5 14. Nxg5 hxg5 15. Qxg5
Re8 16. Ng3 Bc8 17. Bb5 Ne7 18. Bxe8 Qxe8 19. Rae1 Be6 20. f4 cxd4 21. cxd4 Qa4
22. f5 Qxd4+ 23. Kh1 Bc4 24. Rf3 Ned5 25. Nh5 Nxh5 26. Qxh5 Nf6 27. Qg5 Re8 28.
Rc1 Bd5 29. Rff1 Qxb2 30. Rcd1 Re2 31. Rg1 Qxa2 32. Qg3 Ne4 33. Qg4 Nf2+ 34.
Bxf2 Rxf2 35. Qg3 Rxf5 36. Qxd6 Rh5 37. Qg3 Qc4 38. Rge1 Kh7 39. Rd3 Be6 40.
Rde3 a5 41. Re4 Qd5 42. Qf2 b5 43. Qe2 a4 0-1

[Event "Chigorin Memorial"]
[Site "St Petersburg RUS"]
[Date "2012.10.27"]
[Round "1.141"]
[White "Gerasimov, Ivan"]
[Black "Popov, Alexei"]
[Result "1-0"]
[WhiteTitle "FM"]
[WhiteElo "2308"]
[BlackElo "1823"]
[WhiteFideId "4196562"]
[BlackFideId "24195898"]
[EventDate "2012.10.27"]

1. e4 e5 2. Nf3 Nc6 3. Bc4 Bc5 4. O-O Nf6 5. d3 d6 6. c3 Bg4 7. Nbd2 a5 8. Bb3
h6 9. Re1 g5 10. Nf1 Rg8 11. Ng3 Qd7 12. h3 a4 13. Bxa4 Rxa4 14. hxg4 b5 15. Nh2
d5 16. b3 Ra8 17. Qf3 Rg6 18. exd5 Nxd5 19. d4 Bb6 20. Bb2 Re6 21. c4 bxc4 22.
bxc4 Nxd4 23. Bxd4 Bxd4 24. cxd5 Rea6 25. Rad1 Ra3 26. Qf6 Qxd5 27. Rxd4 Qxd4
28. Rxe5+ Qxe5 29. Qxe5+ Kd7 30. Nf3 Rxa2 31. Ne4 Ra1+ 32. Kh2 R1a5 33. Nc5+ Kc6
34. Nd4+ Kb6 35. Na4+ Kb7 36. Qe4+ Kc8 37. Nc5 Rxc5 38. Qxa8+ Kd7 39. Qf8 Re5
40. Qxf7+ Re7 41. Qd5+ Kc8 42. Nf5 Re8 43. Nxh6 Rd8 44. Qxg5 c6 45. Nf7 Rd5 46.
Qe7 Rd7 47. Qe8+ Kc7 48. g5 c5 49. g6 c4 50. g7 c3 51. g8=R c2 52. Qe5+ Kc6 53.
Rc8+ Kb7 54. Rb8+ Ka7 55. Qb5 1-0

[Event "Chigorin Memorial"]
[Site "St Petersburg RUS"]
[Date "2012.10.27"]
[Round "1.142"]
[White "Egorov, Daniil"]
[Black "Ulyanin, Sergei"]
[Result "0-1"]
[BlackTitle "FM"]
[WhiteElo "1819"]
[BlackElo "2308"]
[WhiteFideId "24171956"]
[BlackFideId "24105805"]
[EventDate "2012.10.27"]

1. e4 c5 2. Nc3 Nc6 3. g3 g6 4. Bg2 Bg7 5. f4 d6 6. Nf3 e6 7. O-O Nge7 8. d3 O-O
9. Ne2 b5 10. c3 Bb7 11. g4 b4 12. Qe1 Qd7 13. f5 exf5 14. gxf5 gxf5 15. Bh3 Ne5
16. Nxe5 dxe5 17. Qg3 Kh8 18. exf5 Bf6 19. Qe3 Rg8+ 20. Ng3 Qc6 21. Kf2 Nd5 22.
Qh6 Nf4 23. Bxf4 exf4 24. Ne4 Bd4+ 0-1

[Event "Chigorin Memorial"]
[Site "St Petersburg RUS"]
[Date "2012.10.27"]
[Round "1.143"]
[White "Barhudarian, Rafael"]
[Black "Kosov, Igor"]
[Result "1-0"]
[WhiteTitle "FM"]
[WhiteElo "2305"]
[BlackElo "1817"]
[WhiteFideId "4182685"]
[BlackFideId "24100528"]
[EventDate "2012.10.27"]

1. Nc3 Nf6 2. d4 d5 3. Bg5 e6 4. e4 dxe4 5. Nxe4 Be7 6. Bxf6 Bxf6 7. Nf3 Nc6 8.
Bb5 Bd7 9. Nc5 a6 10. Ba4 b6 11. Ne4 b5 12. Bb3 Na5 13. Nxf6+ Qxf6 14. Ne5 Rd8
15. Qd2 Nc6 16. Qc3 Nxe5 17. dxe5 Qg6 18. O-O b4 19. Qc5 Qg5 20. Rad1 Qe7 21.
Qxc7 Bb5 22. Rxd8+ Qxd8 23. Qxd8+ Kxd8 24. Rd1+ Ke7 25. Rd4 Rd8 26. c3 Rxd4 27.
cxd4 a5 28. f3 a4 29. Bc2 h6 30. Kf2 Bc4 31. Bxa4 Bxa2 32. b3 g5 33. Ke3 f6 34.
Kd3 fxe5 35. dxe5 Bb1+ 36. Kc4 Kf7 37. Bc6 1-0

[Event "Chigorin Memorial"]
[Site "St Petersburg RUS"]
[Date "2012.10.27"]
[Round "1.144"]
[White "Stroganov, Anatoly"]
[Black "Donskov, Anatoly"]
[Result "0-1"]
[BlackTitle "FM"]
[WhiteElo "1808"]
[BlackElo "2305"]
[WhiteFideId "4178955"]
[BlackFideId "24143413"]
[EventDate "2012.10.27"]

1. d4 Nf6 2. Nf3 e6 3. e3 c5 4. Bd3 b6 5. O-O Be7 6. Nbd2 O-O 7. a3 cxd4 8. exd4
Ba6 9. Bxa6 Nxa6 10. Qe2 Nc7 11. Ne4 Rc8 12. c3 d6 13. h3 h6 14. Nxf6+ Bxf6 15.
Bf4 Qd7 16. Rfe1 Nd5 17. Bg3 b5 18. Rad1 a5 19. Nd2 Be7 20. c4 bxc4 21. Nxc4 a4
22. Ne3 Nxe3 23. fxe3 Qc6 24. Rd2 d5 25. Rf1 Qc4 26. Kh2 Qb3 27. Rf2 Rc4 28. Bf4
f5 29. g4 Rc1 30. gxf5 Rxf5 31. Rg2 Bg5 32. Bxg5 hxg5 33. Rf2 Rc8 34. Qa6 Re8
35. Qe2 Ref8 36. Qe1 Rf3 37. Rde2 Qb8+ 38. Kh1 Rxh3+ 39. Kg1 Qg3+ 40. Rg2 Qh4
41. Qxh4 gxh4 42. e4 Rhf3 43. exd5 exd5 44. Rg5 R8f5 45. Re5 Rg3+ 46. Rxg3 Rxe5
47. dxe5 hxg3 48. Kg2 Kf7 49. Kxg3 Ke6 50. Kf4 g5+ 51. Kxg5 Kxe5 52. Kg4 Ke4 53.
Kg3 Ke3 54. Kg4 d4 55. Kf5 d3 56. Ke5 d2 0-1

[Event "Chigorin Memorial"]
[Site "St Petersburg RUS"]
[Date "2012.10.27"]
[Round "1.146"]
[White "Hyotyla, Tapio"]
[Black "Molchanova, Tatjana"]
[Result "0-1"]
[BlackTitle "WGM"]
[WhiteElo "1795"]
[BlackElo "2303"]
[WhiteFideId "501026"]
[BlackFideId "4132203"]
[EventDate "2012.10.27"]

1. d4 d5 2. c4 e6 3. Nc3 c6 4. e3 dxc4 5. Bxc4 b5 6. Bd3 Bb7 7. Nge2 a6 8. O-O
Nd7 9. b3 Ngf6 10. Bb2 c5 11. Rc1 Bd6 12. Bb1 Ng4 13. Ng3 Qh4 14. h3 Nxe3 15.
fxe3 Qxg3 16. Qg4 Qh2+ 17. Kf2 Nf6 0-1

[Event "Chigorin Memorial"]
[Site "St Petersburg RUS"]
[Date "2012.10.27"]
[Round "1.147"]
[White "Martynov, Pavel2"]
[Black "Fokin, Anatoly"]
[Result "1-0"]
[WhiteElo "2303"]
[BlackElo "1793"]
[WhiteFideId "4122186"]
[BlackFideId "24124451"]
[EventDate "2012.10.27"]

1. d4 d5 2. c4 e6 3. Nc3 Nf6 4. cxd5 exd5 5. Bg5 Be7 6. e3 O-O 7. Bd3 c6 8. Qc2
Nbd7 9. Nge2 Re8 10. O-O Nf8 11. h3 g6 12. Ng3 Ne6 13. Bh6 Kh8 14. Bf4 Nxf4 15.
exf4 Bd6 16. f5 Kg7 17. Qd2 Qc7 18. Nce2 Ne4 19. Bxe4 dxe4 20. f6+ Kh8 21. Nxe4
Bf8 22. N2g3 Be6 23. Rfe1 Red8 24. h4 c5 25. Ng5 Bc4 26. Nf3 Qb6 27. b3 Be6 28.
h5 cxd4 29. hxg6 fxg6 30. Re5 Bf7 31. Qf4 Bd6 32. Ng5 Qc7 33. Qh4 Bg8 34. Ree1
Bxg3 35. fxg3 h5 36. Re7 Rd7 37. Qe4 Rxe7 38. fxe7 Re8 39. Qxd4+ 1-0

[Event "Chigorin Memorial"]
[Site "St Petersburg RUS"]
[Date "2012.10.27"]
[Round "1.148"]
[White "Shuvalov, Arvind"]
[Black "Ageichenko, Genadi A"]
[Result "0-1"]
[BlackTitle "IM"]
[WhiteElo "1789"]
[BlackElo "2301"]
[WhiteFideId "24199079"]
[BlackFideId "4105222"]
[EventDate "2012.10.27"]

1. e4 c6 2. d4 d5 3. Nc3 dxe4 4. Nxe4 Nd7 5. Ng5 Ngf6 6. Bd3 e6 7. N1f3 Bd6 8.
O-O h6 9. Ne4 Nxe4 10. Bxe4 O-O 11. c3 Qc7 12. h3 b6 13. Nd2 Ba6 14. Re1 Rad8
15. Bc2 c5 16. dxc5 Nxc5 17. Qg4 Bd3 18. Bxd3 Nxd3 19. Rd1 Bc5 20. Rf1 Nxc1 21.
Ne4 f5 22. Qh5 fxe4 23. Raxc1 e3 24. Qg4 Qe5 25. Kh1 exf2 26. Rc2 Rd3 27. Re2
Re3 28. Rxe3 Qxe3 29. Qd1 Qg3 30. Qg4 Qd3 31. Qxe6+ Kh8 0-1

[Event "Chigorin Memorial"]
[Site "St Petersburg RUS"]
[Date "2012.10.27"]
[Round "1.151"]
[White "Minko, Vladimir"]
[Black "Pitkanen, Juhani"]
[Result "1-0"]
[WhiteElo "2293"]
[BlackElo "1763"]
[WhiteFideId "24146706"]
[BlackFideId "504432"]
[EventDate "2012.10.27"]

1. d4 Nf6 2. c4 g6 3. Nf3 Bg7 4. g3 d5 5. cxd5 Nxd5 6. Bg2 O-O 7. O-O c6 8. Nc3
Nb6 9. h3 a5 10. Bf4 Na6 11. Qc1 Nc7 12. Bh6 Ne6 13. Bxg7 Kxg7 14. Rd1 Nd5 15.
e4 Nxc3 16. Qxc3 Kg8 17. Rac1 Bd7 18. Ne5 Ng5 19. h4 Nh3+ 20. Bxh3 Bxh3 21. g4
f6 22. Nxc6 bxc6 23. Qxh3 Qb6 24. Qc3 Rac8 25. b3 Qa6 26. Qc4+ Qxc4 27. Rxc4
Rfd8 28. Rdc1 e6 29. f3 Kf7 30. Kf2 Rd6 31. Ra4 Rcd8 32. Rxa5 Rxd4 33. Rxc6 Rd2+
34. Kg3 1-0

[Event "Chigorin Memorial"]
[Site "St Petersburg RUS"]
[Date "2012.10.27"]
[Round "1.152"]
[White "Shakirova, Renata"]
[Black "Vavulin, Maksim"]
[Result "0-1"]
[WhiteElo "1756"]
[BlackElo "2293"]
[WhiteFideId "24172049"]
[BlackFideId "4169530"]
[EventDate "2012.10.27"]

1. e4 e5 2. Nf3 Nc6 3. Nc3 Nf6 4. d4 exd4 5. Nd5 Be7 6. Nxd4 Nxd5 7. exd5 Nxd4
8. Qxd4 O-O 9. Bd3 Bf6 10. Qb4 Re8+ 11. Be3 a5 12. Qa3 d6 13. O-O Bd7 14. c4 Be5
15. Rac1 Qh4 16. g3 Qf6 17. Qb3 Bh3 18. Rfe1 Bxb2 19. Rb1 Bc3 20. Rec1 Bd4 21.
Bxd4 Qxd4 22. Qd1 g6 23. Rxb7 Bg4 24. Qb3 Re3 25. Rb8+ Rxb8 26. Qxb8+ Kg7 27.
Bf1 Bf5 28. Qxc7 Rf3 29. Qxd6 Rxf2 30. Qe5+ Qxe5 31. Kxf2 Qb2+ 0-1